LIBRARY & INFORMATION CENTRE, KCAET, TAVANUR

ONLINE PUBLIC ACCESS CATALOGUE (OPAC)

Elements of estimating and costing(professional practice) basic text book for engineering students / (Record no. 10538)

MARC details
000 -LEADER
fixed length control field 00513cam a2200169ua 4500
003 - CONTROL NUMBER IDENTIFIER
control field OSt
008 - FIXED-LENGTH DATA ELEMENTS--GENERAL INFORMATION
fixed length control field 180814b ||||| |||| 00| 0 eng d
082 ## - DEWEY DECIMAL CLASSIFICATION NUMBER
Classification number 692.5
Item number RAN/EL
100 ## - MAIN ENTRY--AUTHOR NAME
Personal name Rangawala, S C .
245 ## - TITLE STATEMENT
Title Elements of estimating and costing(professional practice) basic text book for engineering students /
250 ## - EDITION STATEMENT
Edition statement 9 /
260 ## - PUBLICATION, DISTRIBUTION, ETC. (IMPRINT)
Place of publication New Delhi,Tulsi :
Name of publisher Charotar book stall ,
Year of publication 1995.
300 ## - PHYSICAL DESCRIPTION
Number of Pages 392 :
Other physical details 506 ; .
700 1# - ADDED ENTRY--PERSONAL NAME
Personal name Rangawala, K K .
700 1# - ADDED ENTRY--PERSONAL NAME
Personal name Rangawala, KS .
942 ## - ADDED ENTRY ELEMENTS (KOHA)
Koha item type Books
Holdings
Withdrawn status Lost status Damaged status Home library Current library Date acquired Full call number Accession Number Koha item type
      KAUAET KAUAET 07/04/2012 692.5 19261 Books
      KAUAET KAUAET 07/04/2012 692.5 19262 Books
free website counter